Statistiken für Bezirke des Kantons Schwyz

Klicken Sie hier um das Quiz zu spielen!

Allgemein

  • Dieses Quiz wurde 24 mal gespielt
  • Das Durchschnittsergebnis liegt bei 5 aus 6

Antwortstatistiken

Bezirk% Korrekt
Einsiedeln
100%
Schwyz
100%
Höfe
90%
March
85%
Gersau
80%
Küssnacht
80%

Verteilung der Resultate

Perzentil nach korrekt beantworteten Fragen

Anzahl Personen mit jedem Resultat

Ihre Resultats-Entwicklung

Sie haben dieses Quiz noch nicht gespielt